MESTSKÁ KNIŽNICA GIRALTOVCE  - online katalóg 

Taliansko slovenský turistický slovník (Record no. 17693)

000 -NÁVESTIE
fixed length control field 00301nam a2200121 a 4500
008 - ÚDAJE S PEVNOU DĹŽKOU – VŠEOBECNÉ INFORMÁCIE
fixed length control field 110426s1988|||| d
020 ## - MEDZINÁRODNÉ ŠTANDARDNÉ ČÍSLO KNIHY (ISBN)
Údaje o dostupnosti 14,50
041 ## - KÓD JAZYKA
Kód jazyka textu/zvukovej stopy alebo samostatných nápisov tal
044 ## - KÓD KRAJINY VYDAVATEĽA/PRODUCENTA
Kód krajiny MARC IT
100 1# - OSOBNÉ MENÁ – VŠEOBECNÉ INFORMÁCIE
Osobné meno Červenková, Vilma
245 10 - NÁZOV
Názov Taliansko slovenský turistický slovník
260 ## - VYDAVATEĽSKÉ ÚDAJE, DISTRIBÚCIA ATĎ.
Názov vydavateľa, distibútora atď. SPN
Dátum publikovania, distribúcie atď. 1988
Miesto publikovania, distribúcie atď. Bratislava
Holdings
Stav stiahnutia (Blokovanie) (Withrawn status) Stav straty Stav poškodenia (Damaged status) Nie pre výpožičky (Not for loan) Spôsob nadobudnutia (Collection code) Trvalé umiestnenie Aktuálne umiestnenie Dátum nadobudnutia Náklady, bežná kúpna cena Inventárne číslo (prírastkové číslo) Full call number Dátum posledného výskytu Cena s účinnosťou od Typ jednotky Koha
        Kúpa Mestská knižnica Giraltovce Mestská knižnica Giraltovce 2019-11-29 14.50 17732 I 1389 2019-11-29 2019-11-29 Odborná literatúra pre dospelých

Powered by Koha